The ruling class : (Record no. 4916)
[ view plain ]
| 000 -LEADER | |
|---|---|
| fixed length control field | 01270cam a2200301 a 4500 |
| 001 - CONTROL NUMBER | |
| control field | BD-DhSAU 4916 |
| 003 - CONTROL NUMBER IDENTIFIER | |
| control field | BD-DhSAU |
| 005 - DATE AND TIME OF LATEST TRANSACTION | |
| control field | 20150302155841.0 |
| 008 - FIXED-LENGTH DATA ELEMENTS--GENERAL INFORMATION | |
| fixed length control field | 110105s2010 enka b 001 0 eng d |
| 020 ## - INTERNATIONAL STANDARD BOOK NUMBER | |
| International Standard Book Number | 9780199588282 (hbk.) |
| 020 ## - INTERNATIONAL STANDARD BOOK NUMBER | |
| International Standard Book Number | 0199588287 (hbk.) |
| 040 ## - CATALOGING SOURCE | |
| Original cataloging agency | BD-DhSAU |
| 082 ## - DEWEY DECIMAL CLASSIFICATION NUMBER | |
| Classification number | - |
| Item number | - |
| 245 04 - TITLE STATEMENT | |
| Title | The ruling class : |
| Remainder of title | management and politics in modern Italy / |
| Statement of responsibility, etc. | edited by Tito Boeri, Antonio Merlo, and Andrea Prat ; with Giuliano Amato ., . ... [et al.]. |
| 260 ## - PUBLICATION, DISTRIBUTION, ETC. (IMPRINT) | |
| Place of publication, distribution, etc. | Oxford ; |
| -- | New York : |
| Name of publisher, distributor, etc. | Oxford University Press, |
| Date of publication, distribution, etc. | 2010. |
| 490 1# - SERIES STATEMENT | |
| Series statement | Reports for the Fondazione Rodolfo Debenedetti |
| 500 ## - GENERAL NOTE | |
| General note | Oxford scholarship online Economics and Finance |
| 504 ## - BIBLIOGRAPHY, ETC. NOTE | |
| Bibliography, etc | Includes bibliographical references and index. |
| 590 ## - Name of Cataloguer | |
| Name of Cataloger | roy |
| 650 #0 - SUBJECT ADDED ENTRY--TOPICAL TERM | |
| Topical term or geographic name as entry element | Business and politics |
| Geographic subdivision | Italy. |
| 650 #0 - SUBJECT ADDED ENTRY--TOPICAL TERM | |
| Topical term or geographic name as entry element | Labor economics |
| Geographic subdivision | Italy. |
| 651 #0 - SUBJECT ADDED ENTRY--GEOGRAPHIC NAME | |
| Geographic name | Italy |
| General subdivision | Politics and government |
| Chronological subdivision | 1994- |
| 700 1# - ADDED ENTRY--PERSONAL NAME | |
| Personal name | Boeri, Tito. |
| 700 1# - ADDED ENTRY--PERSONAL NAME | |
| Personal name | Merlo, Antonio. |
| 700 1# - ADDED ENTRY--PERSONAL NAME | |
| Personal name | Prat, Andrea. |
| 856 ## - ELECTRONIC LOCATION AND ACCESS | |
| Uniform Resource Identifier | <a href="http://www.oxfordscholarship.com/view/10.1093/acprof:oso/9780199588282.001.0001/acprof-9780199588282?rskey=EkStdn&result=116">http://www.oxfordscholarship.com/view/10.1093/acprof:oso/9780199588282.001.0001/acprof-9780199588282?rskey=EkStdn&result=116</a> |
| Link text | Full text through SAU LAN |
| 856 ## - ELECTRONIC LOCATION AND ACCESS | |
| Uniform Resource Identifier | <a href=" http://doi.org/10.1093/acprof:oso/9780199588282.001.0001"> http://doi.org/10.1093/acprof:oso/9780199588282.001.0001</a> |
| Link text | DOI : Full text through SAU LAN |
| 942 ## - ADDED ENTRY ELEMENTS (KOHA) | |
| Source of classification or shelving scheme | Dewey Decimal Classification |
| Koha item type | Online book |
No items available.
